Statistics for London buildings by picture

Click here to take the quiz!

General Stats

  • This quiz has been taken 49 times
  • The average score is 5 of 15

Answer Stats

Answer% Correct
10 Downing Street
78%
Tate Modern, Bankside
61%
British Museum
53%
Secret Intelligence Service building
50%
Palm House, Kew Gardens
47%
National Gallery
42%
Royal Naval College Greenwich
42%
The Cenotaph
36%
Lloyd's building
25%
St Pancras Station and Grand Midland Hotel
25%
Albert memorial
22%
Royal Courts of Justice
19%
Kenwood House
14%
Somerset House
14%
Centrepoint
11%

Score Distribution

Percentile by Number Answered

Percent of People with Each Score

Your Score History

You have not taken this quiz